| 000 | 00829nam a22001817a 4500 | ||
|---|---|---|---|
| 010 | _aHIN-130766 | ||
| 020 |
_a9789380455068 _c100.00 |
||
| 035 | _aHN-103112 | ||
| 037 | _bउद्योग नगर प्रकाशन | ||
| 082 | _a821 | ||
| 100 |
_aमिश्रा, देवेन्द्र कुमार _986218 |
||
| 245 |
_aकल तुम्हारा होगा/ _cदेवेन्द्र कुमार मिश्रा |
||
| 250 | _a1 | ||
| 260 |
_aगाजियाबाद _bउद्योग नगर प्रकाशन _c2010 |
||
| 270 |
_a695,न्यू कोट गांव,जी.टी.रोड़, _bगाजियाबाद _e2860110 |
||
| 300 |
_a112पृ. _c22सेमी(सजिल्द) |
||
| 942 |
_2ddc _cHN _h821 _mमिश्राक |
||
| 999 |
_c214018 _d214018 |
||